Statistics for SQL Starter Quiz

Click here to take the quiz!

General Stats

  • This quiz has been taken 23,152 times
  • The average score is 17 of 19

Answer Stats

QuestionTileSelect% Correct
Which of the following SELECT statements are correct?* FROM student;No
99%
Which of the following SELECT statements are correct?SELECT ~ FROM student;No
99%
What does SQL stand for?Solo Query LanguageNo
99%
What is the SELECT statement used for?To create a databaseNo
99%
What is the SELECT statement used for?To delete data from a databaseNo
99%
What is the SELECT statement used for?Make data available to all usersNo
98%
What does SQL stand for?Structured Query LanguageYes
98%
What does SQL stand for?Structured Query LoopNo
98%
What does SQL stand for?Super Query LanguageNo
98%
What is the SELECT statement used for?To SELECT data from a tableYes
98%
Which of the following SELECT statements are correct?SELECT * FROM student;Yes
96%
Which of the following SELECT statements are correct?SELECT * student;No
95%
What is SQL?ImperativeNo
94%
Which of the following SELECT statement are incorrect? (multiple)SELECT first_name FROM student;No
90%
What is SQL?BothNo
83%
What is SQL?DeclarativeYes
78%
Which of the following SELECT statement are incorrect? (multiple)FROM student SELECT first_nameYes
71%
Which of the following SELECT statement are incorrect? (multiple)SELECT @ FROM student;Yes
70%
Which of the following SELECT statement are incorrect? (multiple)SELECT FROM student;Yes
70%

Score Distribution

Percentile by Number Answered

Percent of People with Each Score

Your Score History

You have not taken this quiz